Справочник Python. Кратко, быстро, под рукой

Dades bibliogràfiques
Autor principal: Кольцов Д. М. Дмитрий Михайлович
Altres autors: Дубовик Е. В.
Sumari:Данный справочник содержит основную ключевую информацию о Python в удобной и наглядной форме. Структура справочника позволяет быстро и удобно находить нужную информацию, получать примеры использования тех или иных элементов и конструкций Python. Отдельное внимание уделено внимание таким темам, как регулярные выражения, кортежи, итераторы и генераторы, объектно-ориентированное программирование на Python. Справочник будет полезен всем, кто использует или изучает Python: от начинающих до профессионалов.
Idioma:rus
Publicat: Санкт-Петербург, Наука и Техника, 2023
Edició:2-е издание, испр. и перераб.
Col·lecció:Справочник
Matèries:
Format: Llibre
KOHA link:https://koha.lib.tpu.ru/cgi-bin/koha/opac-detail.pl?biblionumber=670157

MARC

LEADER 00000nam0a2200000 4500
001 670157
005 20241116140603.0
010 |a 978-5-94387-717-9 
090 |a 670157 
100 |a 20240116d2023 km|y0rusy50 ca 
101 0 |a rus 
102 |a RU 
105 |a y g 001yy 
181 0 |a i   |b  e  
182 0 |a n 
183 0 |a nc  |2 RDAcarrier 
200 1 |a Справочник Python. Кратко, быстро, под рукой  |f Кольцов Д. М., Дубовик Е. В. 
203 |a Текст  |b визуальный  |c непосредственный 
205 |a 2-е издание, испр. и перераб. 
210 |a Санкт-Петербург  |c Наука и Техника  |d 2023 
215 |a 300 с. 
225 1 |a Справочник 
283 |a volume  |2 RDAcarrier 
320 |a Список использованных источников информации: с. 300 
330 |a Данный справочник содержит основную ключевую информацию о Python в удобной и наглядной форме. Структура справочника позволяет быстро и удобно находить нужную информацию, получать примеры использования тех или иных элементов и конструкций Python. Отдельное внимание уделено внимание таким темам, как регулярные выражения, кортежи, итераторы и генераторы, объектно-ориентированное программирование на Python. Справочник будет полезен всем, кто использует или изучает Python: от начинающих до профессионалов. 
606 1 |a Python  |9 87977 
610 1 |a языки программирования 
610 1 |a практические советы 
610 1 |a программы 
610 1 |a кортежи 
610 1 |a итераторы 
610 1 |a генераторы 
610 1 |a объектно-ориентированное программирование 
610 1 |a строчные функции 
610 1 |a справочники 
675 |a 004.432(035)  |v 4 
700 1 |a Кольцов  |b Д. М.  |g Дмитрий Михайлович 
701 1 |a Дубовик  |b Е. В. 
801 0 |a RU  |b 63413507  |c 20240116 
942 |c BK